000 00641cam a22002052 4500
001 0000005987
005 20151217152010.0
008 070911s xx 000 0 eng d
020 _a0521531977 :
_cKES 3,450
040 _aKABU
_cKABU
100 1 _aSathe, Vijay.
_@0000157318
245 1 0 _aCorporate entrepreneurship :
_btop managers and new business creation /
_cVijay Sathe.
260 _aCambridge :
_bCUP,
_c2003.
300 _axvii, 387 p.
650 0 _aEntrepreneurship.
_@0000148283
650 0 _aCreative ability in business.
_@0000157319
908 _a070911
950 _@1
999 _c7148
_d7148